Manual de ex-librística (Registo nº 198917)
[ vista simples ]
| 000 -Etiqueta do registo | |
|---|---|
| Valores | 00513nam 22001693 4500 |
| 100 ## - Dados gerais de processamento | |
| Dados gerais | 20251110d u||y0pory50 ba |
| 200 ## - Titulo e menção de responsabilidade | |
| Título próprio | Manual de ex-librística |
| Primeira menção de responsabilidade | por Fausto Moreira Rato |
| 210 ## - Publicação | |
| Local de publicação | Lisboa |
| Nome do editor | Imprensa Nacional - Casa da Moeda |
| Data de publicação | 1976 |
| 215 ## - Descrição física | |
| Paginação / Volumes | 238 p. |
| Outras indicações físicas | brochado |
| Dimensões | 23 cm |
| 606 ## - Nome comum usado como assunto | |
| ID Autoridade | 14235 |
| Palavra de ordem | Manuscritos. Livros raros. Bibliofilia |
| 675 ## - CDU | |
| Notação | 09 |
| Edição | PT |
| Língua | por |
| 700 ## - Autor principal (pessoa individual) | |
| ID Autoridade | 14820 |
| Apelido | Rato |
| Nome | Fausto Moreira |
| 801 ## - Fonte de origem | |
| País | PT |
| Agência | BMMN |
| Regras de catalogação | RPC |
| 830 ## - Notas gerais do catalogador | |
| Criado por | Fernando |
| Indexado por | Fernando |
| 990 ## - Elementos KOHA | |
| Tipo de documento | Livro |
| Situação do levantamento | Biblioteca de origem | Código de barras | Cota | Permissão de empréstimo | Tipo de documento | Forma de aquisição |
|---|---|---|---|---|---|---|
| Biblioteca Municipal de Montemor-o-Novo | 27507 | 09 RAT|DEP | Livro | Compra |